| 000 | 00916pam a2200253 a 4500 | ||
|---|---|---|---|
| 001 | 2144786 | ||
| 005 | 20250108125505.0 | ||
| 008 | 981015s1999 maua b 001 0 eng | ||
| 020 | _a0750698675 (pbk. :alk. paper) | ||
| 050 | 0 | 0 |
_aHV7903 _b.B47 1999 |
| 082 | 0 | 0 |
_a363.2/09 _221 |
| 100 | 1 |
_aBerg, Bruce L. _q(Bruce Lawrence), _d1954- |
|
| 245 | 1 | 0 |
_aPolicing in modern society / _cBruce L. Berg. |
| 260 |
_aBoston, Mass. : _bButterworth Heinemann, _cc1999. |
||
| 300 |
_axii, 463 p. : _bill. ; _c24 cm. |
||
| 650 | 0 |
_aPolice _xHistory. |
|
| 650 | 0 |
_aLaw enforcement _xHistory. |
|
| 650 | 0 |
_aPolice administration _xHistory. |
|
| 650 | 0 |
_aCriminal investigation _xHistory. |
|
| 650 | 0 |
_aSocial control _xHistory. |
|
| 856 | 4 | 2 |
_3Publisher description _uhttp://www.loc.gov/catdir/description/els033/98048869.html |
| 856 | 4 | 1 |
_3Table of contents _uhttp://www.loc.gov/catdir/toc/els032/98048869.html |
| 942 |
_2lcc _cBK _n0 |
||
| 999 |
_c2470 _d2470 |
||